[Event "OBEM 2018"]
[Site "Bremen"]
[Date "2018.03.24"]
[Round "1"]
[White "Silber, Kevin"]
[Black "Zhong, Xianghui"]
[Result "1-0"]
[WhiteElo "2274"]
[BlackElo "1772"]
[Annotator "NA"]
[PlyCount "75"]
[EventDate "2018.??.??"]
[EventType "swiss"]
[EventCountry "GER"]
[SourceTitle "playchess.com"]
[Source "ChessBase"]
[SourceQuality "1"]
[TimeControl "40/5400+30:1800+30"]

1. e4 c5 2. c4 g6 3. Ne2 Bg7 4. d4 cxd4 5. Nxd4 Nc6 6. Be3 Nf6 7. Nc3 O-O 8. Be2 e6 9. O-O d5 10. cxd5 exd5 11. exd5 Ne7 12. Ndb5 Nexd5 13. Nxd5 Nxd5 14. Bc5 Bxb2 15. Rb1 Nc3 16. Nxc3 Bxc3 17. Bxf8 Qxf8 18. Bf3 Rb8 19. Qa4 a6 20. Qf4 Be6 21. Rfc1 Ba5 22. Qe5 b6 23. Bd5 Bf5 24. Rc7 Re8 25. Qf6 Be6 26. Bxe6 Rxe6 27. Qf3 Qe8 28. g3 Re1+ 29. Rxe1 Qxe1+ 30. Kg2 Qe6 31. Ra7 Qxa2 32. Rxa6 Qe6 33. h4 h5 34. Qb7 Kg7 35. Ra8 Bb4 36. Qf3 Bc5 37. Qc3+ Qf6 38. Rg8+ 1-0

[Event "OBEM 2018"]
[Site "Bremen"]
[Date "2018.03.24"]
[Round "1"]
[White "Kardoeus, David"]
[Black "Goes, Carsten"]
[Result "1-0"]
[WhiteElo "2229"]
[BlackElo "1756"]
[Annotator "NA"]
[PlyCount "25"]
[EventDate "2018.??.??"]
[EventType "swiss"]
[EventCountry "GER"]
[SourceTitle "playchess.com"]
[Source "ChessBase"]
[SourceQuality "1"]
[TimeControl "40/5400+30:1800+30"]

1. e4 d5 2. exd5 Nf6 3. d4 Bg4 4. Be2 Bxe2 5. Qxe2 Qxd5 6. Nf3 Nc6 7. c4 Qf5 8. O-O O-O-O 9. d5 Nb4 10. a3 Qd3 11. Qd1 Qxd1 12. Rxd1 Na6 13. Ne5 1-0

[Event "OBEM 2018"]
[Site "Bremen"]
[Date "2018.03.24"]
[Round "1"]
[White "Hattenhauer, Klaus"]
[Black "Hoeffer, David"]
[Result "0-1"]
[WhiteElo "1758"]
[BlackElo "2264"]
[Annotator "NA"]
[PlyCount "110"]
[EventDate "2018.??.??"]
[EventType "swiss"]
[EventCountry "GER"]
[SourceTitle "playchess.com"]
[Source "ChessBase"]
[SourceQuality "1"]
[TimeControl "40/5400+30:1800+30"]

1. d4 Nf6 2. Bf4 g6 3. e3 Bg7 4. Nd2 d6 5. h3 c5 6. Bb5+ Nbd7 7. c3 O-O 8. Ngf3 a6 9. Bd3 b5 10. Rc1 Bb7 11. O-O Qb6 12. Re1 Rad8 13. Qe2 Rfe8 14. e4 e5 15. dxc5 Nxc5 16. Be3 Qc6 17. c4 b4 18. Bg5 h6 19. Bh4 Ne6 20. Bc2 Rc8 21. Qe3 Nh5 22. Nh2 f5 23. f3 f4 24. Qd3 Kh7 25. Bf2 Bf6 26. Nhf1 Bd8 27. g4 fxg3 28. Nxg3 Nhf4 29. Qf1 Ng5 30. Ne2 Nfxh3+ 31. Kh1 Nxf2+ 32. Qxf2 Rf8 33. Qg2 Rc7 34. Ng1 Rcf7 35. Nh3 Nxh3 36. Qxh3 Rf4 37. Kg2 Bc8 38. Qh2 Rh4 39. Qg3 Rh3 40. Qf2 Bb6 41. Ba4 Qc7 42. c5 Bxc5 43. Rxc5 dxc5 44. Rc1 Qe7 45. Rxc5 Rd8 46. Rxc8 Rxc8 47. Kxh3 h5 48. Qb6 Rc1 49. f4 Rh1+ 50. Kg2 Qh4 51. f5 Rh2+ 52. Kf1 Qf4+ 53. Kg1 Qg3+ 54. Kf1 Qg2+ 55. Ke1 Qe2# 0-1

[Event "OBEM 2018"]
[Site "Bremen"]
[Date "2018.03.24"]
[Round "1"]
[White "Hoffer, Hayo"]
[Black "Margraf, Daniel"]
[Result "0-1"]
[WhiteElo "1743"]
[BlackElo "2200"]
[Annotator "NA"]
[PlyCount "74"]
[EventDate "2018.??.??"]
[EventType "swiss"]
[EventCountry "GER"]
[SourceTitle "playchess.com"]
[Source "ChessBase"]
[SourceQuality "1"]
[TimeControl "40/5400+30:1800+30"]

1. d4 c5 2. d5 e5 3. dxe6 fxe6 4. c4 Nf6 5. Nc3 d5 6. cxd5 exd5 7. Bg5 d4 8. Ne4 Be7 9. Nxf6+ Bxf6 10. Bxf6 Qxf6 11. g3 O-O 12. Nf3 Nc6 13. Bg2 Be6 14. O-O Rae8 15. b3 Nb4 16. a3 Nd5 17. Nd2 Qe5 18. Nc4 Qc7 19. Bxd5 Bxd5 20. Rc1 Qe7 21. Re1 Qe4 22. f3 Qe6 23. Qd3 b5 24. Nd2 Qb6 25. Qc2 Rc8 26. Kf2 c4 27. bxc4 bxc4 28. Rb1 Qh6 29. Kg2 Qe3 30. a4 d3 31. exd3 Bxf3+ 32. Nxf3 Qxf3+ 33. Kg1 cxd3 34. Qg2 Qf7 35. Rbd1 Rc2 36. Rd2 Qc4 37. Ra1 Qd4+ 0-1

[Event "OBEM 2018"]
[Site "Bremen"]
[Date "2018.03.25"]
[Round "2"]
[White "Hoeffer, David"]
[Black "Kastens, Elmar"]
[Result "1/2-1/2"]
[WhiteElo "2264"]
[BlackElo "1930"]
[Annotator "NA"]
[PlyCount "62"]
[EventDate "2018.??.??"]
[EventType "swiss"]
[EventCountry "GER"]
[SourceTitle "playchess.com"]
[Source "ChessBase"]
[SourceQuality "1"]
[TimeControl "40/5400+30:1800+30"]

{[%evp 8,46,17,20,1,12,35,34,33,37,58,32767,32767,32767,24,24,31,-11,28,18,32767,10,57,55,32767,69,32767,92,104,32767,108,32767,65,32767,32767,32767,32767,32767,32767,32767,-7]} 1. Nf3 Nf6 2. g3 d5 3. Bg2 c6 4. O-O Bg4 5. d4 e6 6. c4 {LiveBook: 107 Games} dxc4 {D11: Slav Defence: 3 Nf3 sidelines and 3...Nf6 4 e3 Bg4} (6... Nbd7 7. Qb3 Qb6 8. Nc3 Be7 9. Re1 O-O 10. c5 Qc7 11. Bf4 Qc8 12. Rac1 h6 13. e4 dxe4 14. Nxe4 Nxe4 15. Rxe4 Nf6 16. Ree1 Nd5 {1-0 (53) Rapport,R (2720)-Bromberger,S (2532) Reykjavik 2016}) 7. Ne5 Bh5 8. Na3 $146 ({Predecessor:} 8. Nc3 Be7 9. h3 Nfd7 10. Nxc4 O-O 11. g4 Bg6 12. e4 Nb6 13. Na5 {½-½ (26) Scekic,M (2447)-Jovanovic,S (2297) Belgrade 2003}) 8... Be7 (8... Bxa3 $5 9. bxa3 Nbd7 $14) 9. Naxc4 O-O 10. Qc2 Nbd7 11. a3 Nb6 12. b4 Nxc4 13. Qxc4 Nd5 14. Bb2 Nb6 15. Qc2 Rc8 16. Nd3 Bg6 17. e4 Nd7 18. Qb3 Bf6 19. Kh1 Qb6 20. Ne5 Bxe5 21. dxe5 Rcd8 22. f4 Nc5 23. Qc2 Nd3 $11 24. f5 Bh5 25. Bc1 Qd4 26. Bg5 Rd7 27. h3 Qxe5 28. g4 f6 29. fxe6 Qxe6 30. Bxf6 Bg6 31. Bg5 Bxe4 1/2-1/2

[Event "OBEM 2018"]
[Site "Bremen"]
[Date "2018.03.25"]
[Round "2"]
[White "Margraf, Daniel"]
[Black "Ditmas, Hugh"]
[Result "1-0"]
[WhiteElo "2200"]
[BlackElo "1920"]
[Annotator "NA RC"]
[PlyCount "65"]
[EventDate "2018.??.??"]
[EventType "swiss"]
[EventCountry "GER"]
[SourceTitle "playchess.com"]
[Source "ChessBase"]
[SourceQuality "1"]
[TimeControl "40/5400+30:1800+30"]

{[%evp 8,48,4,-4,5,-14,0,-6,0,32767,-14,-40,-40,-49,-43,-43,32767,32767,-51,-68,-58,-52,-67,-65,-33,-29,32767,-35,-26,-24,0,32767,-59,-75,32767,32767,-39,-31,0,-27,-3,32767,11]} 1. e4 c5 2. Nc3 Nc6 3. f4 g6 4. Nf3 Bg7 5. a3 d6 6. Bb5 {B23: Closed Sicilian: Lines without g3} Bd7 {LiveBook: 7 Games} 7. O-O e6 (7... Nf6 8. d3 O-O 9. Kh1 a6 10. Bxc6 Bxc6 11. Qe1 e6 12. Bd2 b5 13. Qh4 Nh5 {0-1 (37) Lie,K (2513)-Urkedal,F (2485) Norway 2013}) 8. d3 Nge7 9. Qe1 $146 ({Find the theoretical novelty and annotate with similar games:} 9. Bd2 O-O 10. Qc1 a6 11. Bc4 b5 12. Ba2 Nd4 13. Nxd4 cxd4 14. Ne2 Rc8 {0-1 (32) Vazoura,E (1570)-Manolaraki,Y (1991) Achaea 2012}) 9... Nd4 10. Bxd7+ Qxd7 11. Nxd4 cxd4 12. Nb1 O-O 13. c4 dxc3 14. Nxc3 d5 15. Kh1 dxe4 16. dxe4 Rfd8 17. Be3 Qd3 18. Bc5 Nc6 19. f5 Qc4 20. Bg1 exf5 21. exf5 Re8 22. Qf2 Ne5 23. Qc2 Rad8 24. Bxa7 Nc6 $11 25. Bb6 Rd3 26. f6 Bh6 27. Rae1 Re5 28. Rxe5 Nxe5 29. Re1 Be3 30. Rxe3 Rxe3 31. Bxe3 Qf1+ 32. Bg1 h5 33. Qe2 1-0

[Event "OBEM 2018"]
[Site "Bremen"]
[Date "2018.03.25"]
[Round "2"]
[White "Erofeev, Anastasia"]
[Black "Silber, Kevin"]
[Result "0-1"]
[WhiteElo "1936"]
[BlackElo "2274"]
[Annotator "NA"]
[PlyCount "68"]
[EventDate "2018.??.??"]
[EventType "swiss"]
[EventCountry "GER"]
[SourceTitle "playchess.com"]
[Source "ChessBase"]
[SourceQuality "1"]
[TimeControl "40/5400+30:1800+30"]

1. d4 d5 2. c4 c6 3. cxd5 cxd5 4. Bf4 Nf6 {D10: Slav Defence: 3 cxd5 (without early Nf3) and 3 Nc3} 5. e3 Nc6 6. Bd3 {LiveBook: 50 Games} (6. Nc3 Bg4 7. Qb3 Na5 8. Qa4+ Bd7 9. Bb5 e6 10. Nf3 a6 11. Bxd7+ Nxd7 12. Ne5 b5 13. Qd1 Nxe5 14. Bxe5 Nc4 15. Qe2 Nxe5 16. dxe5 Bb4 17. Rc1 {½-½ (65) Ni,H (2671)-Eljanov,P (2711) Riadh 2017}) 6... Qb6 {[#]} 7. Nc3 $1 Bd7 8. Nge2 e6 9. O-O Nh5 10. Bg5 $146 ({Predecessor:} 10. Bg3 Nb4 11. Bb1 Nxg3 12. hxg3 g6 13. a3 Nc6 14. b4 a6 15. Bd3 {1-0 (47) Galje,H (2110)-Ebels,T (2101) Hoogeveen 2006}) 10... h6 11. Bh4 g5 12. Bg3 (12. Na4 $5 {[%cal Ra4b6]} Qa5 13. Nec3 $11) 12... Nxg3 13. Nxg3 h5 14. a3 Bd6 15. b4 Qd8 ({Black should play} 15... f5 $11) 16. Nge2 (16. Nxh5 $14 f5 17. h3) 16... Qf6 17. b5 Ne7 18. e4 Bc7 19. e5 Qg7 20. f4 gxf4 $14 21. Nxf4 Bb6 22. Nce2 Qxe5 23. Kh1 Bxd4 24. Nxd4 Qxd4 25. Be2 Qxd1 26. Raxd1 h4 27. Nh5 Nf5 28. Nf6+ Ke7 29. Rxf5 exf5 30. Nxd7 Kxd7 31. Rxd5+ Ke6 32. Bc4 Rac8 33. Bb3 Kf6 34. Kg1 Rhd8 0-1

[Event "OBEM 2018"]
[Site "Bremen"]
[Date "2018.03.25"]
[Round "2"]
[White "Hochhuth, Arnd"]
[Black "Kardoeus, David"]
[Result "0-1"]
[WhiteElo "1927"]
[BlackElo "2229"]
[Annotator "NA"]
[PlyCount "154"]
[EventDate "2018.??.??"]
[EventType "swiss"]
[EventCountry "GER"]
[SourceTitle "playchess.com"]
[Source "ChessBase"]
[SourceQuality "1"]
[TimeControl "40/5400+30:1800+30"]

1. Nf3 Nf6 2. g3 g6 3. Bg2 Bg7 4. O-O O-O 5. d3 d6 6. c4 e5 7. Nc3 Nc6 8. Rb1 a6 {LiveBook: 8 Games A26: English Opening vs King's Indian with ...Nc6 and d3} (8... a5 9. a3 Re8 10. Nd2 Be6 11. Nd5 Qd7 12. Nxf6+ Bxf6 13. Ne4 Bg7 14. Bh6 Bh3 15. Bxg7 Kxg7 16. e3 Bxg2 17. Kxg2 a4 18. Nc3 Nd8 {0-1 (65) Iturrizaga Bonelli,E (2650)-Mamedyarov,S (2804) chess.com INT 2018}) 9. b3 $146 ({Predecessor:} 9. b4 Re8 10. Bg5 h6 11. Bxf6 Bxf6 12. a4 Bg7 13. b5 Ne7 14. Ne1 a5 15. Nc2 Rb8 16. Ne3 b6 17. Ncd5 {½-½ (54) Beletsky,A (2374)-Ganerdene,S (2196) Moscow 2018}) 9... Nd4 10. Ng5 h6 11. Nge4 Nxe4 12. dxe4 f5 (12... b5 $11) 13. e3 Ne6 14. exf5 gxf5 15. b4 a5 16. b5 Nc5 17. Na4 (17. Ba3 $16) 17... e4 18. Bb2 Bxb2 $11 19. Nxc5 Qf6 20. Na4 Be5 21. Qd2 Be6 22. Rfc1 b6 23. f4 exf3 24. Bxf3 Rae8 25. Bd5 Kh7 26. Nc3 Rg8 27. Bxe6 Rxe6 28. Nd5 Qh4 29. Nf4 Bxf4 30. exf4 Re4 31. Rf1 Qf6 32. Rbc1 Rge8 33. Rfe1 Rxe1+ 34. Rxe1 Rxe1+ 35. Qxe1 Qd4+ 36. Kg2 Qxc4 37. Qe7+ Kg6 38. h4 Qxa2+ 39. Kh3 Qf7 40. Qe3 h5 41. Qc3 Qd5 42. Kh2 Qa2+ 43. Kh3 Qf7 44. Qc6 a4 45. Qa8 a3 46. Qxa3 Qd5 47. Qc1 Qc5 48. Qe1 Qd5 49. Kh2 Qe4 50. Qc1 Qe2+ 51. Kh3 Qxb5 52. Qxc7 Qd5 53. Kh2 b5 54. Qe7 b4 55. Qg5+ Kf7 56. Qxh5+ Ke7 57. Qg5+ Kd7 58. Qg7+ Kc6 59. h5 Qd2+ 60. Kh3 b3 61. Qg8 b2 62. Qa8+ Kc5 63. Qc8+ Kd4 64. Qxf5 Ke3 65. Qb5 Qe2 66. Qb6+ Kf3 67. Qb7+ Kf2 68. Qb6+ Kf3 69. Qb7+ Ke3 70. Qb6+ Ke4 71. Qb4+ Kf5 72. Qa5+ Ke6 73. Qa2+ Kf6 74. Kh4 Qh2+ 75. Kg4 Qc2 76. Qa5 Qd1+ 77. Kh4 b1=Q 0-1

[Event "OBEM 2018"]
[Site "Bremen"]
[Date "2018.03.25"]
[Round "3.1"]
[White "Silber, Kevin"]
[Black "Wiechmann, Gerd"]
[Result "1-0"]
[WhiteElo "2274"]
[BlackElo "1991"]
[Annotator "TA"]
[PlyCount "50"]
[EventDate "2018.??.??"]
[EventType "swiss"]
[EventCountry "GER"]
[SourceTitle "playchess.com"]
[Source "ChessBase"]
[SourceQuality "1"]

{[%evp 26,50,36,0,41,24,67,0,31,40,31,29,26,26,107,63,75,30,44,-26,25,22,63,61,57,52,51]} 1. e4 e6 2. d4 d5 3. Nd2 Nf6 4. e5 Nfd7 5. Bd3 c5 6. c3 Nc6 7. Ne2 cxd4 8. cxd4 Qb6 9. Nf3 f6 10. exf6 Nxf6 11. O-O Bd6 12. a3 O-O 13. Nc3 {[%cal Be2c3,Bc3a4,Ba4c5][%mdl 32]} Bd7 14. b4 {LiveBook: 6 Games} Rac8 {C06: French Tarrasch: 3...Nf6 4 e5 Nfd7 5 Bd3 main lines} (14... Qd8 15. Re1 a6 16. Bg5 Qc7 17. Rc1 Ng4 18. h3 Bh2+ 19. Kf1 Nxf2 20. Kxf2 Qg3+ 21. Ke3 Rxf3+ 22. Qxf3 Qxg5+ 23. Kf2 Nxd4 24. Bxh7+ Kxh7 25. Qd3+ Qf5+ 26. Qxf5+ Nxf5 27. Ne2 Rf8 {0-1 (27) Malik,J (2295)-Prandstetter,E (2262) Czechia 2014}) 15. Na4 Qd8 16. Bg5 $146 (16. Nc5 $14) ({Predecessor:} 16. Nc5 Rc7 17. Re1 Qc8 18. Bb2 Nd8 19. Nxd7 Qxd7 20. Ne5 Qc8 21. Qf3 Nf7 22. Qh3 {½-½ (38) Janos,I (2105)-Mydlarik,M (2112) Slovakia 2014}) 16... Qe8 {The position is equal.} 17. Nc5 Rc7 18. Re1 Bc8 19. Rc1 Re7 (19... Qh5 $11) 20. b5 Nd8 21. Qc2 Qh5 22. Qd2 (22. Re5 $14 Bxe5 23. dxe5) 22... Nf7 (22... b6 $142) 23. Bf4 $11 e5 24. dxe5 Nxe5 25. Bxe5 Bxe5 {Precision: White = 45%, Black = 21%.} 1-0

[Event "OBEM 2018"]
[Site "Bremen"]
[Date "2018.03.25"]
[Round "3.2"]
[White "Kardoeus, David"]
[Black "Veit, Ingo"]
[Result "1-0"]
[WhiteElo "2229"]
[BlackElo "1969"]
[Annotator "TA"]
[PlyCount "44"]
[EventDate "2018.??.??"]
[EventType "swiss"]
[EventCountry "GER"]
[SourceTitle "playchess.com"]
[Source "ChessBase"]
[SourceQuality "1"]

{[%evp 12,44,55,38,67,66,70,56,70,58,72,56,56,56,83,60,83,84,84,77,89,85,97,93,97,88,121,109,108,99,97,104,101,79,100]} 1. e4 {[%cal Be2e4,Be4e5][%mdl 32]} e6 2. d4 d5 3. Nd2 Nf6 4. e5 Ng8 5. Bd3 c5 6. c3 Nc6 7. Ne2 {LiveBook: 20 Games} Qb6 {[%cal Rc5d4] C05: French Tarrasch: 3...Nf6 4 e5 Nfd7, 5 f4 and 5 Bd3 sidelines} (7... Nge7 8. O-O Nf5 9. Nf3 Be7 10. Re1 cxd4 11. Bxf5 exf5 12. Nexd4 Be6 13. Qd3 Qd7 14. Bg5 Bc5 15. Rad1 {1-0 (67) Nunn,J (2600)-Sanders,I (2341) London 2016}) 8. Nf3 cxd4 9. cxd4 Nge7 {White is slightly better.} 10. O-O Bd7 11. Be3 $146 ({Predecessor:} 11. Nc3 Nxd4 12. Nxd4 Qxd4 13. Nb5 Qxe5 14. Qa4 d4 15. f4 Qc5 16. b4 Qb6 17. Bb2 Nd5 18. Qa5 Bxb4 19. Qxb6 axb6 20. Bxd4 O-O {0-1 (42) Cawdery,D (2265)-Sequera Paolini,J (2398) Dresden 2008}) 11... Nb4 12. Bb1 Ng6 13. h4 {[%cal Bh2h4,Bh4h5][%mdl 32]} Be7 14. h5 {White is better.} Nh4 15. Nxh4 Bxh4 16. Nc3 {[%cal Be2c3,Bc3d5,Bd5f4][%mdl 32] Black must now prevent Qg4.} f5 17. a3 Nc6 18. Bxf5 exf5 19. Nxd5 Qd8 {[#]} ({Don't play} 19... Qa5 20. Nf4 $14) 20. Nf4 $1 {[%mdl 1024] White has strong compensation.} O-O 21. e6 Be8 22. d5 Ne5 {Precision: White = 78%, Black = 82%.} 1-0

[Event "OBEM 2018"]
[Site "Bremen"]
[Date "2018.03.25"]
[Round "3.3"]
[White "Buescher, Andre"]
[Black "Margraf, Daniel"]
[Result "1/2-1/2"]
[WhiteElo "2046"]
[BlackElo "2200"]
[Annotator "TA"]
[PlyCount "52"]
[EventDate "2018.??.??"]
[EventType "swiss"]
[EventCountry "GER"]
[SourceTitle "playchess.com"]
[Source "ChessBase"]
[SourceQuality "1"]

{[%evp 20,52,52,18,60,50,79,61,50,45,50,41,49,0,0,0,0,0,0,0,-2,-12,-9,-31,0,0,0,-2,0,-10,-13,-9,0,0,0]} 1. e4 e5 2. Nf3 Nc6 3. Bb5 Nf6 4. d3 d6 5. c3 Be7 6. O-O O-O 7. Re1 a6 8. Ba4 b5 9. Bc2 Bb7 {C84: Closed Ruy Lopez: Unusual White 6th moves} (9... d5 10. Nbd2 d4 11. Nb3 dxc3 12. bxc3 a5 13. a4 b4 14. Bd2 Bg4 15. h3 Bxf3 16. Qxf3 bxc3 17. Bxc3 Bb4 18. Bxb4 Nxb4 {½-½ (30) Anand,V (2776)-Svidler,P (2760) Moscow 2018}) 10. Nbd2 d5 11. Qe2 {LiveBook: 7 Games} b4 $146 ({Find the theoretical novelty and annotate with similar games:} 11... Re8 12. Nf1 h6 13. Ng3 Bf8 14. a3 g6 15. Bb3 Bg7 16. Be3 d4 17. Bd2 Na5 {1-0 (74) Bartel,M (2609)-Pultinevicius,P (2371) Katowice 2017}) 12. Ba4 Bd6 13. exd5 Nxd5 14. Ne4 Nce7 15. d4 exd4 16. Nxd6 ({Better is} 16. Nxd4 $14 c5 17. Nf3) 16... Qxd6 $11 17. c4 Nb6 {[#] aiming for ...Bxf3.} 18. Qxe7 Qxe7 19. Rxe7 {And now Bc2 would win.} Nxa4 20. Nxd4 Rfe8 21. Nf5 Rxe7 (21... Be4 $5 {[%cal Re4f5]} 22. Rxe8+ Rxe8 $15) 22. Nxe7+ {The position is equal.} Kf8 23. Nf5 $1 Rd8 {[%cal Rd8d1] [#]} 24. Bf4 Rd7 25. b3 Nc3 26. Be3 a5 {Precision: White = 44%, Black = 58%.} 1/2-1/2

[Event "OBEM 2018"]
[Site "Bremen"]
[Date "2018.03.25"]
[Round "3.4"]
[White "Issing, Peter"]
[Black "Norbach, Alexander"]
[Result "1-0"]
[WhiteElo "2196"]
[BlackElo "1957"]
[Annotator "TA"]
[PlyCount "42"]
[EventDate "2018.??.??"]
[EventType "swiss"]
[EventCountry "GER"]
[SourceTitle "playchess.com"]
[Source "ChessBase"]
[SourceQuality "1"]

{[%evp 13,42,-28,0,-25,-21,-21,-2,-104,0,0,15,10,16,11,6,-29,9,18,25,-85,-87,-61,-67,-83,-95,-92,-28,-105,-105,-93,-99]} 1. d4 d5 2. c4 c6 3. Nf3 Nf6 4. Qc2 g6 5. Bf4 Bf5 6. Qb3 Qb6 7. Nbd2 {D11: Slav Defence: 3 Nf3 sidelines and 3...Nf6 4 e3 Bg4} (7. e3 Nbd7 8. Nc3 dxc4 9. Bxc4 Qxb3 10. Bxb3 e6 11. h3 Bg7 12. Ke2 Ne4 13. Rhd1 h5 14. Rac1 O-O 15. Nh4 Nxc3+ 16. bxc3 {1-0 (24) Vachier Lagrave,M (2789)-Libiszewski,F (2507) chess.com INT 2018}) 7... Na6 {LiveBook: 6 Games} 8. Qxb6 axb6 9. Rc1 {The position is equal.} Bg7 $146 ({Predecessor:} 9... Nh5 10. Bg3 Bh6 11. cxd5 cxd5 12. Nh4 O-O 13. Nxf5 gxf5 14. a3 f4 {0-1 (27) Sajjadi,K (1783)-Egeland,F (1990) Oslo 2015}) 10. h3 {[#]} (10. a3 $11 {remains equal.}) 10... h5 ({Black should try} 10... dxc4 $1 $17 {White must now prevent ...Nb4.} 11. Rxc4 Be6) 11. a3 $11 O-O 12. e3 Rfc8 13. Be2 b5 {[%cal Bb6b5,Bb5b4][%mdl 32]} 14. c5 b4 15. a4 Nd7 {[#] Threatens to win with ...Naxc5!} 16. Nh4 (16. b3 $1 $11) 16... e5 $17 17. Nxf5 gxf5 18. dxe5 Naxc5 19. b3 Ne4 (19... Re8 $17) 20. Nf3 (20. Nxe4 $11 {keeps the balance.} fxe4 21. O-O) 20... Re8 21. O-O Nxe5 {[%mdl 32768] Precision: White = 38%, Black = 24%. . Loss on Time!?} 1-0

[Event "OBEM 2018"]
[Site "Bremen"]
[Date "2018.03.26"]
[Round "4.1"]
[White "Verfuerth, Thomas"]
[Black "Silber, Kevin"]
[Result "0-1"]
[WhiteElo "2079"]
[BlackElo "2274"]
[Annotator "TA"]
[PlyCount "98"]
[EventDate "2018.??.??"]
[EventType "swiss"]
[EventCountry "GER"]
[SourceTitle "playchess.com"]
[Source "ChessBase"]
[SourceQuality "1"]

{[%evp 14,98,32,43,54,19,21,0,0,-6,0,-1,-5,-12,-6,-12,-18,-25,-19,-20,-35,-22,0,-20,0,-36,-31,-24,-26,-32,-21,-31,-37,-52,-12,-69,-60,-59,-59,-62,-64,-120,-122,-176,-162,-168,-168,-177,-174,-190,-186,-206,-187,-195,-193,-202,-181,-191,-197,-184,-184,-274,-266,-265,-265,-307,-294,-333,-340,-328,-336,-323,-283,-706,-706,-699,-699,-1847,-1882,-29971,-2002,-29976,-29977,-29975,-29970,-29965,-29966]} 1. c4 c6 2. e4 e5 3. Nc3 g6 4. g3 Bg7 5. Bg2 Ne7 6. Nge2 {A21: English Opening: 1...e5 2 Nc3} O-O 7. O-O (7. h4 d5 8. exd5 cxd5 9. Nxd5 Nxd5 10. cxd5 Bg4 11. d3 Na6 12. Be3 Rc8 13. Qd2 {½-½ (45) Socko,B (2647)-Jakubiec,A (2531) Poland 2013}) 7... d6 8. d4 {LiveBook: 4 Games. White is slightly better.} Na6 9. dxe5 $146 ({Find the theoretical novelty and annotate with similar games:} 9. b3 Nc7 10. Ba3 {1-0 (24) Francsics,E (2271)-Bodrogi,M (2203) Budapest 2002}) 9... dxe5 10. Qxd8 Rxd8 11. Be3 b6 12. Rfd1 Be6 13. b3 Nb4 14. Rxd8+ Rxd8 15. Rc1 Nc8 16. Kf1 f6 17. Ng1 Bf8 18. Bh3 Bf7 19. Rd1 Rxd1+ 20. Nxd1 Nd6 21. Nc3 $1 Nc2 $36 {[%mdl 2048] Black fights for an advantage.} 22. Bc1 Nb7 23. Bd7 Bb4 24. Bd2 (24. Nd1 $11) 24... Nd4 $15 25. Nb1 Bxd2 26. Nxd2 Nc5 27. Bh3 (27. Bg4 $1 $15) 27... Nd3 $17 28. Nb1 (28. Ne2 $17) 28... Nc1 $1 $19 {[%cal Rc1a2]} 29. Nc3 {[#]} b5 $1 30. cxb5 cxb5 {[%cal Bc6b5,Bb5b4][%mdl 32]} 31. Ke1 {[#] intending Kd2.} b4 $1 {[%cal Rb4c3]} 32. Kd2 {[#]} Ncxb3+ $1 {[%mdl 512]} 33. axb3 Nxb3+ ({Don't play} 33... bxc3+ 34. Kxc3 Nxb3 35. Nf3 $17) 34. Kc2 Nd4+ ({Much less strong is} 34... bxc3 35. Bf1) 35. Kd3 bxc3 36. Kxc3 {[%mdl 4096] Endgame KBN-KBN} a5 37. Bd7 (37. Bg2 $142) 37... Kf8 38. f4 Ke7 39. Ba4 Kd6 40. g4 Kc5 41. fxe5 fxe5 42. h4 Ba2 43. Kb2 $2 (43. Nh3) 43... Be6 44. Bd1 Kb4 45. h5 a4 {[%cal Ba5a4,Ba4a3][%mdl 32]} 46. hxg6 hxg6 (46... a3+ $142 47. Ka1 hxg6 48. Nf3 Bxg4 49. Nxd4 Bxd1 50. Ne6 Bh5 51. Ka2 Bf3 52. Ng5 Bh1 53. Nf7 Bxe4 54. Nxe5 g5 55. Ng4 Bd5+ 56. Kb1 Kc3 57. Ka1 Kd4 58. Nh2 Ke3 59. Ng4+ Kd4 60. Nh2 Ke4 61. Ng4 Kf4 62. Nf2 Be6 63. Nd3+ Ke3 64. Ne5 Ke4 65. Ng6 g4 66. Nh4 g3 67. Ng2 a2 68. Kb2 Bd5 69. Ne1 Kf4 70. Nd3+ Ke4 71. Ne1 Ke3 72. Nc2+ Kd2 73. Nb4 g2 74. Nxd5 g1=Q 75. Kxa2 Qd4 76. Kb3 Qxd5+ 77. Kb2 Qb7+ 78. Ka3 Kc3 79. Ka4 Qb4#) 47. Ne2 a3+ {Black mates.} 48. Ka1 Nxe2 49. Bxe2 g5 {Precision: White = 30%, Black = 79%.} 0-1